Managers at the FIFA World Cup - Statistics

General Stats
  • This quiz has been taken 44 times
    19 since last reset
  • The average score is 12 of 27
Answer Stats
Editions and Teams Nationality Matches Manager % Correct
2014 FRA, 2018 FRA, 2022 FRA France 19 Didier Deschamps
94%
2018 ENG, 2022 ENG England 12 Gareth Southgate
82%
2010 GER, 2014 GER, 2018 GER Germany 17 Joachim Löw
82%
2002 BRA, 2006 POR, 2014 BRA Brazil 21 Luiz Felipe Scolari
82%
1986 FRG, 1990 FRG West Germany 14 Franz Beckenbauer
76%
2014 NED, 2022 NED Netherlands 12 Louis van Gaal
76%
2014 GRE, 2018 POR, 2022 POR Portugal 13 Fernando Santos
65%
1970 BRA, 1974 BRA, 1998 BRA Brazil 20 Mário Zagallo
65%
1990 URU, 2010 URU, 2014 URU, 2018 URU Uruguay 20 Óscar Tabárez
65%
1982 KUW, 1990 UAE, 1994 BRA, 1998 KSA, 2006 BRA, 2010 RSA Brazil 23 Carlos Alberto Parreira
53%
2002 ENG, 2006 ENG, 2010 CIV Sweden 13 Sven-Göran Eriksson
47%
2018 CRO, 2022 CRO Croatia 14 Zlatko Dalić
47%
1986 MEX, 1990 CRC, 1994 USA, 1998 NGA, 2002 CHN Yugoslavia 20 Bora Milutinović
41%
1978 ITA, 1982 ITA, 1986 ITA Italy 18 Enzo Bearzot
41%
2006 ARG, 2014 COL, 2018 COL Argentina / Colombia 14 José Pékerman
41%
1986 ENG, 1990 ENG England 12 Bobby Robson
35%
2010 POR, 2014 IRN, 2018 IRN, 2022 IRN Portugal 13 Carlos Queiroz
35%
1998 NED, 2002 KOR, 2006 AUS Netherlands 18 Guus Hiddink
35%
1966 FRG, 1970 FRG, 1974 FRG, 1978 FRG West Germany 25 Helmut Schön
35%
1986 ARG, 1990 ARG Argentina 14 Carlos Bilardo
29%
1978 ARG, 1982 ARG Argentina 12 César Luis Menotti
29%
1938 GER, 1954 FRG, 1958 FRG, 1962 FRG Germany 18 Sepp Herberger
29%
1986 FRA, 1994 CMR, 1998 MAR, 2006 CIV France 16 Henri Michel
24%
1950 ENG, 1954 ENG, 1958 ENG, 1962 ENG England 14 Walter Winterbottom
12%
1958 URS, 1962 URS, 1970 URS Soviet Union 13 Gavriil Kachalin
6%
1982 BEL, 1986 BEL, 1990 BEL Belgium 16 Guy Thys
6%
1958 HUN, 1962 HUN, 1966 HUN, 1978 HUN Hungary 15 Lajos Baróti
6%
No matching quizzes found
Score Distribution
Percent of People with Each Score
Percentile by Number Answered
Your Score History
You have not taken this quiz since the last reset